Experimental Physiology Vol - II (Record no. 74746)

MARC details
000 -LEADER
fixed length control field 00363pam a2200157 a 4500
020 ## - INTERNATIONAL STANDARD BOOK NUMBER
Terms of availability
041 ## - LANGUAGE CODE
Language code of text/sound track or separate title eng
082 ## - DEWEY DECIMAL CLASSIFICATION NUMBER
Classification number 612
Item number APT
100 ## - MAIN ENTRY--PERSONAL NAME
Personal name Apte, S R.
245 ## - TITLE STATEMENT
Title Experimental Physiology Vol - II
Medium Textual Documents
250 ## - EDITION STATEMENT
Edition statement 1st ed.
260 ## - PUBLICATION, DISTRIBUTION, ETC.
Place of publication, distribution, etc. Poona:
Name of publisher, distributor, etc. Padmashri Prakashan,
Date of publication, distribution, etc. 1966.
300 ## - PHYSICAL DESCRIPTION
Extent 302.
653 ## - INDEX TERM--UNCONTROLLED
Uncontrolled term Human Physiology
930 ## - EQUIVALENCE OR CROSS-REFERENCE-UNIFORM TITLE HEADING [LOCAL, CANADA]
Uniform title 1454
Holdings
Withdrawn status Lost status Damaged status Not for loan Collection Home library Current library Date acquired Cost, normal purchase price Total Checkouts Full call number Barcode Date last seen Copy number Price effective from Koha item type
          Poona College of Pharmacy, Pune Poona College of Pharmacy, Pune 03/05/1982 12.50   612 APT PCP-DG-47 24/02/2023 1 24/02/2023 Book